Statistics for S Vocabulary Words Quiz #1

Click here to take the quiz!

General Stats

  • This quiz has been taken 39,315 times
  • The average score is 12 of 22

Answer Stats

Definition Word % Correct
The highest register of singing voiceSoprano
89%
Deadly sin of lazinessSloth
87%
Noble Japanese warriorSamurai
84%
To occupy property without legal titleSquat
71%
Jewish place of worshipSynagogue
70%
Grass-cutting tool carried by
the Grim Reaper
Scythe
69%
Earthquake measuring deviceSeismometer
64%
To burn with hot liquidScald
61%
Outline of an academic courseSyllabus
59%
Male horse kept for breedingStud
57%
Organ that acts as a reservoir for bloodSpleen
55%
Cave exploringSpelunking
54%
Makeshift knifeShiv
53%
To make a basket without the ball
touching the rim
Swish
52%
The right to voteSuffrage
52%
Twelve pence, formerlyShilling
50%
A monarch's ornamental staffSceptre
42%
To separate a jury from external influenceSequester
40%
The vast Eurasian grasslandsSteppe
31%
Military flight missionSortie
22%
Thin, cotton fabric used to make suitsSeersucker
14%
Slang for surgeonSawbones
14%

Score Distribution

Percentile by Number Answered

Percent of People with Each Score

Your Score History

You have not taken this quiz